| 000 | 00860nac a22001931u 4500 | ||
|---|---|---|---|
| 008 | 100810s1978Ua|||||r|||| 00| 0dara d | ||
| 020 | _a9772662582 | ||
| 082 |
_a229.48 _bم ص ر |
||
| 100 |
_aالمصري، حسين مجيب _914990 |
||
| 245 |
_aإقبال والقرآن : _b/دراسة قرآنية مقارنة _cحسين مجيب المصري |
||
| 260 |
_a:القاهرة _bمكتبة الأنجلو المصرية _c1978 |
||
| 300 |
_a304 ؛ص _c24 سم |
||
| 504 | _aيشتمل على ببليوجرافية :ص 291-300 | ||
| 511 | _aCatalogued by: Sara | ||
| 541 |
_a؛ألف باء _c؛شراء |
||
| 650 |
_aالقرآن والأدب _917469 |
||
| 942 |
_cBB _k229.48 م ص ر _2ddc |
||
| 999 |
_c5584 _d5584 |
||